000 00796nam a2200265Ia 4500
003 OSt
005 20220918202556.0
006 a|||||r|||| 00| 0
007 ta
008 220917b |||||||| |||| 00| 0 eng d
024 _a102,249
037 _cTextual
040 _aARTS
_cARTS
_beng
041 _2eng
_aeng
082 _aV236:71.N6t4, K6
100 _aMehta R N
_9100106
245 0 _aExcavation at Devnimori
_b a report of the excavation conducted from 1960 to 1963
260 _aBaroda
_bM S Univ
_c1966
300 _axvii,197p. illus maps
_ccm.
490 _aM S University archaeology series; 8
650 _aHISTORY
700 _a Chowdhary S N
_9104405
942 _hV236:71.N6t4, K6
_cTEXL
_2CC
999 _c225709
_d225709